Teorie a praxe flexi úvazků
Práca na čiastočný úväzok v Česku a v EÚ - priemer u žien a mužov. Výhody a nevýhody. Alternatívny pracovný úväzok, kto má oň záujem.
Salvato in:
| Autore principale: | |
|---|---|
| Natura: | Capitolo di libro |
| Lingua: | ceco |
| Soggetti: | |
| Tags: |
Nessun Tag, puoi essere il primo ad aggiungerne!!
|
MARC
| LEADER | 00000naa a2200000 4500 | ||
|---|---|---|---|
| 001 | 0167752 | ||
| 005 | 20231019120324.8 | ||
| 041 | 0 | |a cze | |
| 044 | |a CZ | ||
| 245 | 1 | 0 | |a Teorie a praxe flexi úvazků |c Lenka Smrčková |
| 520 | |a Práca na čiastočný úväzok v Česku a v EÚ - priemer u žien a mužov. Výhody a nevýhody. Alternatívny pracovný úväzok, kto má oň záujem. | ||
| 610 | 2 | 0 | |a práca |
| 610 | 2 | 0 | |a práca žien |
| 610 | 2 | 0 | |a úväzok pracovný |
| 610 | 2 | 0 | |a čas pracovný pohyblivý |
| 610 | 2 | 0 | |a práca z domu |
| 610 | 2 | 0 | |a Česko |
| 610 | 2 | 0 | |a Európska únia |
| 100 | 1 | |a Smrčková, Lenka | |